LEADER 01750nam 2200589Ia 450 001 9910451888103321 005 20211005074902.0 010 $a1-280-75331-5 010 $a0-19-151827-1 010 $a1-4294-2120-7 035 $a(CKB)1000000000468265 035 $a(SSID)ssj0000239327 035 $a(PQKBManifestationID)11205965 035 $a(PQKBTitleCode)TC0000239327 035 $a(PQKBWorkID)10239880 035 $a(PQKB)10295096 035 $a(MiAaPQ)EBC431258 035 $a(Au-PeEL)EBL431258 035 $a(CaPaEBR)ebr10177870 035 $a(CaONFJC)MIL75331 035 $a(OCoLC)609832258 035 $a(MiAaPQ)EBC5891130 035 $a(EXLCZ)991000000000468265 100 $a20050714d2006 fy 0 101 0 $aeng 135 $aurcn||||||||| 181 $ctxt 182 $cc 183 $acr 200 10$aRoman theatres$b[electronic resource] $ean architectural study /$fFrank Sear 210 $aOxford ;$aNew York $cOxford University Press$d2006 215 $axxxix, 144 p. $cill., maps, plans 225 1 $aOxford monographs on classical archaeology 300 $aBibliographic Level Mode of Issuance: Monograph 311 $a0-19-814469-5 320 $aIncludes bibliographical references and indexes. 410 0$aOxford monographs on classical archaeology. 606 $aTheaters$zRome 606 $aArchaeology$zRome 607 $aRome$xAntiquities$vCatalogs 608 $aElectronic books. 615 0$aTheaters 615 0$aArchaeology 676 $a725.8220937 700 $aSear$b Frank$0626718 801 0$bMiAaPQ 801 1$bMiAaPQ 801 2$bMiAaPQ 906 $aBOOK 912 $a9910451888103321 996 $aRoman theatres$91215458 997 $aUNINA LEADER 01607cam0-22005171i-450 001 990002626870403321 005 20250731105610.0 035 $a000262687 035 $aFED01000262687 035 $a(Aleph)000262687FED01 100 $a20030910d1974----km-y0itay50------ba 101 1 $aita$ceng 102 $aIT 105 $ay-------001yy 200 1 $a<>imperialismo industriale italiano, 1908-1915$estudio sul prefascismo$fRichard A. Webster$gtraduzione di Mariangela Chiabrando 210 $aTorino$cEinaudi$d1974 215 $aVIII, 616 p.$d22 cm 225 1 $aBiblioteca di cultura storica$v125 454 0$12001$aItaly's industrial imperialism, 1908-1915. A study in pre-fascism$939617 610 0 $aItalia$aStoria economica$a1908-1915 700 1$aWebster,$bRichard Allen$0107222 801 0$aIT$bUNINA$gRICA$2UNIMARC 901 $aBK 912 $a990002626870403321 952 $a0-8-38-TI$b3938$fECA 952 $aCOLLEZ. 77 (125)$b11370$fFSPBC 952 $aN7.127$b5378$fDECTS 952 $a21-DA-19$b2692$fDDCP 952 $aE/4.3 WEB$b6805/I$fSES 952 $aXV F2 42$fDTE 952 $aN03.719$b11132$fDECTS 952 $aSE 084.03.19$b3185$fDECSE 952 $aSE 089.04.30$b3076$fDECSE 952 $aXI ES W 1$b5923$fDFD 952 $a330.945 WEBS 01$b2025/2632$fFLFBC 959 $aFLFBC 959 $aDECSE 959 $aFSPBC 959 $aECA 959 $aDDCP 959 $aSES 959 $aDTE 959 $aDECTS 959 $aDFD 996 $aItaly's industrial imperialism, 1908-1915. A study in pre-fascism$939617 997 $aUNINA